00277pam a2200109 a 4500020000500000041000500005100003300010245006700043250000900110260003900119300000900158 c h aB. H. Baden Powell,eAuthor. aManual of Juris Prudence for Forest OfficerhTextual Documents a1st. a[s.l]:bNatraj Publisher Dhear Dun a553.